| 000 | 02074nam a2200301 a 4500 | ||
|---|---|---|---|
| 001 | 000030199 | ||
| 003 | DO-SdBPM | ||
| 005 | 20250922104257.0 | ||
| 007 | ta | ||
| 008 | 110504s2009 dr a 000 0 spa d | ||
| 040 |
_aDO-SdBPM _bspa _cBPMSU _drda |
||
| 049 | _a | ||
| 082 | 4 |
_aR338.7 _bR426d 2009 _222 |
|
| 100 | _4 | ||
| 110 | 1 |
_aRepública Dominicana. _bOficina Nacional de Estadística |
|
| 245 | 0 | 0 |
_aDirectorio de empresas 2009 / _cpresentación Pablo Tactuk |
| 264 |
_aSanto Domingo : _bONE, _c2009. |
||
| 300 |
_a70 páginas _bilustraciones, gráficos, tablas ; _c28 cm. |
||
| 336 |
_atexto _btxt _2rdacontent |
||
| 337 |
_asin mediación _bn _2rdamedia |
||
| 338 |
_avolumen _bnc _2rdacarrier |
||
| 505 | 0 | _aPresentación 7 -- Resultados 19 -- Distribución de empresas registradas según sección y división de actividad. económica al año 2009 24 -- Distribución de empresas registradas, según provincia y municipio al año 2009 26 -- Total de empresas registradas por rango de ocupados, según sección de actividad económica al año 2009 30 -- Total de empresas registradas por provincia, según sección y división de actividad económica al año 2009 32 -- Total de empresas registradas por tamaño en función de ocupados, según provincia en la República Dominicana al año 2009 46 -- Total de empresas registradas en industria manufacturera por rango de ocupación , según divición, grupo y clase de actividad económica al año 2009 47 -- Total de empresas de zona franca registradas, según provincia al año 2009 55 -- Total de empresas registradas por municipio, según sección de actividad económica en la provincia de Santiago al año 2009 56 -- Total de empresas registradas por municipio, según sección de actividad económica en la provincia de Santo Domingo al año 2009 57 -- Anexos. | |
| 590 | _aInvetariados, 2025/VM | ||
| 650 | 7 |
_aEmpresas _zRepública Dominicana _vDirectorios |
|
| 650 | 7 |
_aManufacturas _zRepública Dominicana _vDirectorios |
|
| 910 | _aVMateo V. Control de calidad. BPMSU | ||
| 942 |
_2ddc _cBK |
||
| 999 |
_c15418 _d15418 |
||